000 00367 a2200157 4500
001 152720
040 _cEscola São Tomás de Aquino
100 _aBREZINA, Thomas
240 1 0 _aEsses pais são um problema!
_lpor
245 1 0 _aEsses pais são um problema!
300 _a100
362 0 _a2003
440 1 _aÁtica
697 _a*LITERATURA JUVENIL
942 _cBK
999 _c152720
_d152720